Regionální disparity NUTS 3 regionů Evropské unie

Analýza regionálnych rozdielov medzi NUTS 3 regiónmi Európskej únie a posúdenie, či dochádza z zmenšovaniu resp. k zväčšovaniu regionálnych disparít EÚ.

Guardado en:
Detalles Bibliográficos
Autor principal: Bartušková, Hana
Otros Autores: Vrňáková, Irena
Formato: Capítulo de libro
Lenguaje:checo
Materias:
Etiquetas: Agregar Etiqueta
Sin Etiquetas, Sea el primero en etiquetar este registro!

MARC

LEADER 00000naa a2200000 4500
001 0194272
005 20220713131255.2
041 0 |a cze 
044 |a CZ 
245 1 0 |a Regionální disparity NUTS 3 regionů Evropské unie  |c Hana Bartušková, Irena Vrňáková 
520 |a Analýza regionálnych rozdielov medzi NUTS 3 regiónmi Európskej únie a posúdenie, či dochádza z zmenšovaniu resp. k zväčšovaniu regionálnych disparít EÚ. 
610 2 0 |a disparita 
610 2 0 |a Európska únia 
610 2 0 |a politika regionálna 
610 2 0 |a diferenciácia regionálna 
100 1 |a Bartušková, Hana 
700 1 |a Vrňáková, Irena